000 00477nam a2200145Ia 4500
008 090124s9999 xx 000 0 und d
082 _b202209
245 _a कापूस लागवड व व्यापार
250 _a1
260 _bउद्यम प्रकाशन
_c1968
300 _a205
630 _a कापूस लागवड व व्यापार
730 _a कापूस लागवड व व्यापार
942 _cBOOK
999 _c183790
_d183790